[Event "SVK-ch GM 2018"]
[Site "Banska Stiavnica"]
[Date "2018.07.14"]
[Round "8"]
[White "Gazik, Viktor"]
[Black "Petrik, Tomas"]
[Result "0-1"]
[WhiteElo "2501"]
[BlackElo "2470"]
[Annotator "ChessBase"]
[PlyCount "108"]
[EventDate "2018.07.07"]
[EventType "tourn"]
[EventCountry "SVK"]
[SourceTitle "playchess.com"]
[Source "ChessBase"]
[SourceQuality "1"]
[TimeControl "40/5400+30:1800+30"]

1. d4 {[%emt 0:00:00]} e6 {[%emt 0:01:28]} 2. Nf3 {[%emt 0:00:00]} Nf6 {[%emt 0:00:10]} 3. Nbd2 {[%emt 0:00:16]} c5 {[%emt 0:02:01]} 4. e3 cxd4 {[%emt 0:06:52]} 5. exd4 {[%emt 0:00:15]} b6 {[%emt 0:00:29]} 6. Bd3 {[%emt 0:02:46]} Bb7 {[%emt 0:00:10]} 7. O-O {[%emt 0:00:25]} Be7 {[%emt 0:00:59]} 8. b3 {[%emt 0:00:55]} O-O {[%emt 0:01:05]} 9. Bb2 {[%emt 0:00:07]} Nc6 {[%emt 0:01:41]} 10. a3 {[%emt 0:00:51]} Rc8 {[%emt 0:01:05]} 11. Re1 {[%emt 0:04:26]} Re8 {[%emt 0:01:56]} 12. Rc1 {[%emt 0:01:19]} Bf8 {[%emt 0:01:06]} 13. c4 {[%emt 0:01:20]} d5 {[%emt 0:01:22]} 14. c5 {[%emt 0:05:52]} a5 {[%emt 0:02:41]} 15. Bb5 {[%emt 0:22:59]} Nd7 {[%emt 0:04:02]} 16. b4 {[%emt 0:02:21]} axb4 {[%emt 0:03:34]} 17. Bxc6 {[%emt 0:02:13]} Bxc6 {[%emt 0:00:15]} 18. axb4 {[%emt 0:00:05]} Qc7 {[%emt 0:04:00]} 19. Qb3 {[%emt 0:16:27]} Rb8 {[%emt 0:35:28]} 20. Qc3 {[%emt 0:01:57]} bxc5 {[%emt 0:05:52]} 21. dxc5 {[%emt 0:00:09]} e5 {[%emt 0:02:38]} 22. Nxe5 {[%emt 0:09:03]} Nxe5 {[%emt 0:00:36]} 23. Rxe5 {[%emt 0:00:07]} Rxe5 {[%emt 0:00:10]} 24. Qxe5 {[%emt 0:00:08]} Qxe5 {[%emt 0:00:16]} 25. Bxe5 {[%emt 0:00:04]} Rxb4 {[%emt 0:00:07]} 26. h3 {[%emt 0:11:06]} f6 {[%emt 0:05:27]} 27. Bc3 {[%emt 0:05:32]} Ra4 {[%emt 0:06:45]} 28. Nb3 {[%emt 0:05:00]} Rc4 {[%emt 0:01:21]} 29. Na5 {[%emt 0:05:41]} Rxc5 {[%emt 0:00:21]} 30. Nb3 {[%emt 0:00:08]} Rc4 {[%emt 0:00:16]} 31. Na5 {[%emt 0:00:11]} Rc5 {[%emt 0:07:43]} 32. Nb3 {[%emt 0:00:07]} Rc4 {[%emt 0:00:03]} 33. Na5 {[%emt 0:00:21]} Ba3 {[%emt 0:00:17]} 34. Nxc4 {[%emt 0:01:16]} Bxc1 {[%emt 0:00:06]} 35. Ne3 {[%emt 0:00:11]} Kf7 {[%emt 0:01:43]} 36. Bd4 {[%emt 0:01:04]} Ke6 {[%emt 0:00:27]} 37. f4 {[%emt 0:01:19]} Bb5 {[%emt 0:02:20]} 38. Kf2 {[%emt 0:01:20]} Bd3 {[%emt 0:00:11]} 39. g4 {[%emt 0:00:54]} Ba3 {[%emt 0:01:21]} 40. g5 {[%emt 0:01:03]} fxg5 {[%emt 0:01:03]} 41. fxg5 {[%emt 0:30:18]} g6 {[%emt 0:04:14]} 42. h4 {[%emt 0:00:00]} Bf5 {[%emt 0:04:42]} 43. Ng2 {[%emt 0:00:00]} Bd6 {[%emt 0:01:04]} 44. h5 {[%emt 0:00:00]} gxh5 {[%emt 0:02:45]} 45. Ke3 {[%emt 0:00:00]} Bg3 {[%emt 0:11:15]} 46. Nf4+ {[%emt 0:00:00]} Bxf4+ {[%emt 0:00:39]} 47. Kxf4 {[%emt 0:00:00]} h4 {[%emt 0:00:07]} 48. Bg1 {[%emt 0:02:33]} h3 {[%emt 0:01:08]} 49. Ke3 {[%emt 0:00:10]} Be4 {[%emt 0:00:46]} 50. Bh2 {[%emt 0:00:08]} Kf5 {[%emt 0:00:10]} 51. Bd6 {[%emt 0:00:24]} Kxg5 {[%emt 0:02:30]} 52. Bc7 {[%emt 0:00:06]} Kg4 {[%emt 0:00:05]} 53. Bd6 {[%emt 0:00:03]} Bg6 {[%emt 0:01:22]} 54. Be5 {[%emt 0:00:07]} d4+ {[%emt 0:00:55]} 0-1

[Event "SVK-ch GM 2018"]
[Site "Banska Stiavnica"]
[Date "2018.07.14"]
[Round "8"]
[White "Jurcik, Marian"]
[Black "Pechac, Jergus"]
[Result "1-0"]
[WhiteElo "2445"]
[BlackElo "2435"]
[Annotator "ChessBase"]
[PlyCount "75"]
[EventDate "2018.07.07"]
[EventType "tourn"]
[EventCountry "SVK"]
[SourceTitle "playchess.com"]
[Source "ChessBase"]
[SourceQuality "1"]
[TimeControl "40/5400+30:1800+30"]

1. e4 {[%emt 0:00:00]} c5 {[%emt 0:00:00]} 2. Nf3 {[%emt 0:01:19]} d6 {[%emt 0:00:00]} 3. Bb5+ {[%emt 0:01:13]} Nd7 {[%emt 0:00:00]} 4. O-O {[%emt 0:01:48]} a6 {[%emt 0:00:00]} 5. Bd3 {[%emt 0:00:14]} Ngf6 {[%emt 0:00:12]} 6. Re1 {[%emt 0:01:38]} e6 {[%emt 0:00:24]} 7. c3 {[%emt 0:00:29]} Be7 {[%emt 0:00:16]} 8. Bc2 {[%emt 0:01:28]} b5 {[%emt 0:01:28]} 9. d4 {[%emt 0:00:18]} cxd4 {[%emt 0:00:15]} 10. cxd4 {[%emt 0:00:07]} Bb7 {[%emt 0:00:12]} 11. Nbd2 {[%emt 0:04:52]} Rc8 {[%emt 0:00:46]} 12. Bd3 {[%emt 0:06:43]} O-O {[%emt 0:04:10]} 13. a4 {[%emt 0:06:05]} b4 {[%emt 0:07:54]} 14. a5 {[%emt 0:00:47]} Nb8 {[%emt 0:01:52]} 15. Qe2 {[%emt 0:04:19]} h6 {[%emt 0:10:00]} 16. Nf1 {[%emt 0:17:42]} Nh7 {[%emt 0:10:28]} 17. Bd2 {[%emt 0:04:35]} d5 {[%emt 0:01:11]} 18. e5 {[%emt 0:00:59]} Qd7 {[%emt 0:04:11]} 19. Ng3 {[%emt 0:05:19]} Kh8 {[%emt 0:01:40]} 20. h3 {[%emt 0:02:40]} Bc6 {[%emt 0:01:05]} 21. Qe3 {[%emt 0:03:08]} Bb5 {[%emt 0:01:10]} 22. Bb1 {[%emt 0:02:45]} Rg8 {[%emt 0:02:47]} 23. h4 {[%emt 0:06:34]} Nc6 {[%emt 0:03:02]} 24. Nh5 {[%emt 0:01:33]} Rcf8 {[%emt 0:01:21]} 25. Bxh7 {[%emt 0:03:19]} Kxh7 {[%emt 0:00:04]} 26. Nf6+ {[%emt 0:00:12]} Bxf6 {[%emt 0:00:04]} 27. exf6 {[%emt 0:00:05]} g5 {[%emt 0:00:15]} 28. hxg5 {[%emt 0:01:22]} Rg6 {[%emt 0:00:10]} 29. g3 {[%emt 0:05:37]} Rh8 {[%emt 0:00:34]} 30. Kg2 {[%emt 0:00:33]} Kg8 {[%emt 0:00:07]} 31. Rh1 {[%emt 0:00:51]} Qd8 {[%emt 0:00:14]} 32. Ne5 {[%emt 0:02:17]} Nxe5 {[%emt 0:00:15]} 33. Qxe5 {[%emt 0:00:02]} Bd3 {[%emt 0:00:30]} 34. Ra4 {[%emt 0:05:34]} hxg5 {[%emt 0:00:21]} 35. Rxb4 {[%emt 0:02:33]} Rxh1 {[%emt 0:04:52]} 36. Rb8 {[%emt 0:00:30]} Kh7 {[%emt 0:00:17]} 37. Rxd8 {[%emt 0:00:31]} Rgh6 {[%emt 0:00:04]} 38. Kf3 {[%emt 0:00:31]} 1-0

[Event "SVK-ch GM 2018"]
[Site "Banska Stiavnica"]
[Date "2018.07.14"]
[Round "8"]
[White "Mazur, Stefan"]
[Black "Petenyi, Tamas"]
[Result "0-1"]
[WhiteElo "2425"]
[BlackElo "2450"]
[Annotator "TA"]
[PlyCount "38"]
[EventDate "2018.07.07"]
[EventType "tourn"]
[EventCountry "SVK"]
[SourceTitle "playchess.com"]
[Source "ChessBase"]
[SourceQuality "1"]

{[%evp 15,38,111,107,70,92,26,34,12,38,25,16,-46,-47,-51,-17,-105,-99,-145,-156,-518,-510,-511,-496,-529,-526]} 1. e4 g6 2. d4 Bg7 3. Nc3 c6 4. f4 d6 5. Nf3 Bg4 6. Be3 Nd7 7. h3 Bxf3 8. Qxf3 e6 {LiveBook: 3 Games. B06: Modern Defence} (8... c5 9. O-O-O Qa5 10. e5 O-O-O 11. Bb5 e6 12. d5 Nf8 13. Bc4 Ne7 14. dxe6 Nxe6 15. exd6 Nf5 16. Nd5 Nxd6 {½-½ (26) Poetsch,H (2408)-Sanikidze,T (2559) Cappelle-la-Grande 2011}) 9. Bd3 Ne7 10. O-O (10. O-O-O $16) 10... O-O $11 {White has an edge.} 11. e5 $146 ({Predecessor:} 11. Rad1 d5 12. e5 f5 13. Na4 {0-1 (22) Lopez Rodriguez,A-Noguera Calvet,A Figueres 2004}) 11... c5 12. dxc5 dxe5 13. fxe5 (13. Bb5 $11 exf4 14. Bf2) 13... Nxe5 $15 14. Qxb7 Rb8 {[%cal Ba8b8,Bb8b2,Bb2c2][%mdl 32]} 15. Qa6 (15. Qxa7 $11 Nxd3 16. Rad1) 15... Nxd3 $17 16. cxd3 Rxb2 17. Qc4 $2 (17. Rac1 $17 {is more resistant.}) 17... Rc2 $19 {Black is clearly winning.} 18. Rac1 {[#]} Nd5 $1 {[%cal Rd5e3]} 19. Bd4 Nb6 {Precision: White =  5%, Black = 86%.} 0-1

[Event "SVK-ch GM 2018"]
[Site "Banska Stiavnica"]
[Date "2018.07.14"]
[Round "8"]
[White "Manik, Mikulas"]
[Black "Zvarik, Martin"]
[Result "0-1"]
[WhiteElo "2400"]
[BlackElo "2280"]
[Annotator "NA"]
[PlyCount "52"]
[EventDate "2018.07.07"]
[EventType "tourn"]
[EventCountry "SVK"]
[SourceTitle "playchess.com"]
[Source "ChessBase"]
[SourceQuality "1"]
[TimeControl "40/5400+30:1800+30"]

1. e4 {[%emt 0:00:21]} e5 {[%emt 0:01:45]} 2. Nf3 {[%emt 0:00:02]} Nf6 {[%emt 0:00:24]} 3. Nxe5 {[%emt 0:02:35]} d6 {[%emt 0:00:10]} 4. Nf3 {[%emt 0:00:08]} Nxe4 {[%emt 0:00:04]} 5. Qe2 {[%emt 0:05:42]} Qe7 {[%emt 0:00:14]} 6. d3 $11 {[%emt 0:00:02] LiveBook: 1816 Games} Nf6 {[%emt 0:01:15]} 7. Bg5 {[%emt 0:00:18]} Qxe2+ {[%emt 0:00:06]} 8. Bxe2 {[%emt 0:00:04]} Be7 {[%emt 0:00:05]} 9. Nc3 {[%emt 0:02:57]} h6 {[%emt 0:06:26]} 10. Bh4 {[%emt 0:04:50]} Nbd7 {[%emt 0:04:11]} 11. Nd4 {[%emt 0:33:00]} a6 {[%emt 0:07:06]} 12. Nf5 {[%emt 0:01:51]} Bf8 {[%emt 0:03:48]} 13. O-O-O {[%emt 0:02:10]} g6 {[%emt 0:01:22]} 14. Ne3 {[%emt 0:13:06]} Be7 {[%emt 0:05:44]} 15. Ned5 {[%emt 0:06:08]} Bd8 {[%emt 0:08:41]} 16. Nxf6+ {[%emt 0:04:06]} Nxf6 {[%emt 0:00:25]} 17. Bf3 {[%emt 0:01:06]} c6 {[%emt 0:07:43]} 18. Rhe1+ {[%emt 0:04:05]} Be6 {[%emt 0:06:29]} 19. d4 {[%emt 0:01:46]} d5 {[%emt 0:14:14]} 20. Na4 {[%emt 0:08:42]} g5 {[%emt 0:03:39]} 21. Bg3 {[%emt 0:00:05]} g4 {[%emt 0:02:29]} 22. Be2 {[%emt 0:00:07]} Ne4 {[%emt 0:01:49]} 23. Be5 {[%emt 0:01:52]} O-O {[%emt 0:05:02]} 24. Bg3 {[%emt 0:03:53]} f5 {[%emt 0:06:39]} 25. Nc5 {[%emt 0:01:00]} Nxc5 {[%emt 0:00:28]} 26. dxc5 {[%emt 0:00:07]} f4 {[%emt 0:00:05]} 0-1

[Event "SVK-ch GM 2018"]
[Site "Banska Stiavnica"]
[Date "2018.07.15"]
[Round "9"]
[White "Nayhebaver, Martin"]
[Black "Manik, Mikulas"]
[Result "0-1"]
[WhiteElo "2478"]
[BlackElo "2400"]
[Annotator "RC"]
[PlyCount "74"]
[EventDate "2018.07.07"]
[EventType "tourn"]
[EventCountry "SVK"]
[SourceTitle "playchess.com"]
[Source "ChessBase"]
[SourceQuality "1"]
[TimeControl "40/5400+30:1800+30"]

1. e4 {[%emt 0:06:27]} c5 {[%emt 0:05:26]} 2. Nc3 {[%emt 0:00:26]} Nc6 {[%emt 0:00:28]} 3. Nf3 {[%emt 0:00:28]} g6 {[%emt 0:00:10]} 4. d4 {[%emt 0:00:45]} cxd4 {[%emt 0:00:01]} 5. Nxd4 {[%emt 0:00:07]} Bg7 {[%emt 0:00:02]} 6. Be3 {[%emt 0:00:30]} Nf6 {[%emt 0:00:02]} 7. Bc4 {[%emt 0:00:51]} O-O {[%emt 0:00:14]} 8. Bb3 {[%emt 0:00:26]} d6 {[%emt 0:00:02]} 9. f3 {[%emt 0:02:06]} Bd7 {[%emt 0:00:39]} 10. Qd2 {[%emt 0:01:22]} Nxd4 {[%emt 0:00:03]} 11. Bxd4 {[%emt 0:00:11]} b5 {[%emt 0:00:01]} 12. a4 {[%emt 0:01:13]} bxa4 {[%emt 0:06:44]} 13. Bxa4 {[%emt 0:01:40]} Bxa4 {[%emt 0:00:48]} 14. Rxa4 {[%emt 0:00:50]} Qb8 {[%emt 0:00:02]} 15. O-O {[%emt 0:01:46]} Rc8 {[%emt 0:03:06]} 16. Ne2 {[%emt 0:27:26]} Nd7 {[%emt 0:09:10]} 17. Bxg7 {[%emt 0:02:22]} Kxg7 {[%emt 0:00:15]} 18. b3 {[%emt 0:01:03]} Qb6+ {[%emt 0:00:57]} 19. Kh1 {[%emt 0:00:14]} Rc7 {[%emt 0:00:01]} 20. Nf4 {[%emt 0:13:55]} Nf6 {[%emt 0:00:46]} 21. Qd3 {[%emt 0:01:09]} Rac8 {[%emt 0:00:24]} 22. c4 {[%emt 0:02:45]} e5 {[%emt 0:02:29]} 23. Ne2 {[%emt 0:02:25]} Nd7 {[%emt 0:03:17]} 24. Qc3 {[%emt 0:05:27]} Rb8 {[%emt 0:06:34]} 25. b4 {[%emt 0:13:46]} Rbc8 {[%emt 0:00:09]} 26. b5 {[%emt 0:02:40]} Nc5 {[%emt 0:00:06]} 27. Ra5 {[%emt 0:01:22]} Nd3 {[%emt 0:00:47]} 28. Qxd3 {[%emt 0:07:08]} Qxa5 {[%emt 0:00:05]} 29. Qxd6 {[%emt 0:00:24]} Rxc4 {[%emt 0:00:17]} 30. Qxe5+ {[%emt 0:01:13]} Kg8 {[%emt 0:00:01]} 31. Rd1 {[%emt 0:02:18]} R4c5 {[%emt 0:03:35]} 32. Qf6 {[%emt 0:00:41]} Rxb5 {[%emt 0:00:48]} 33. Nd4 {[%emt 0:00:33]} Qd2 {[%emt 0:02:03]} 34. Rg1 {[%emt 0:00:24]} Rb6 {[%emt 0:01:01]} 35. Qe5 {[%emt 0:00:21]} Qc3 {[%emt 0:00:14]} 36. h4 {[%emt 0:00:43]} Rd8 {[%emt 0:00:13]} 37. Rd1 {[%emt 0:00:31]} Rbd6 {[%emt 0:00:02]} 0-1

[Event "SVK-ch GM 2018"]
[Site "Banska Stiavnica"]
[Date "2018.07.15"]
[Round "9"]
[White "Petrik, Tomas"]
[Black "Jurcik, Marian"]
[Result "1/2-1/2"]
[WhiteElo "2470"]
[BlackElo "2445"]
[Annotator "ChessBase"]
[PlyCount "33"]
[EventDate "2018.07.07"]
[EventType "tourn"]
[EventCountry "SVK"]
[SourceTitle "playchess.com"]
[Source "ChessBase"]
[SourceQuality "1"]
[TimeControl "40/5400+30:1800+30"]

1. e4 {[%emt 0:01:38]} e5 {[%emt 0:03:55]} 2. Nf3 {[%emt 0:00:15]} Nc6 {[%emt 0:00:24]} 3. Bc4 {[%emt 0:01:51]} Nf6 {[%emt 0:03:33]} 4. d3 {[%emt 0:06:58]} Bc5 {[%emt 0:02:28]} 5. O-O {[%emt 0:04:14]} O-O {[%emt 0:01:44]} 6. c3 {[%emt 0:03:12]} d6 {[%emt 0:04:25]} 7. Bg5 {[%emt 0:08:26]} a6 {[%emt 0:07:57]} 8. a4 {[%emt 0:05:12]} h6 {[%emt 0:03:43]} 9. Bh4 {[%emt 0:01:21]} g5 {[%emt 0:07:08]} 10. Nxg5 {[%emt 0:26:39]} hxg5 {[%emt 0:00:26]} 11. Bxg5 {[%emt 0:00:14]} Kg7 {[%emt 0:05:21]} 12. Qf3 {[%emt 0:05:53]} Rh8 {[%emt 0:08:46]} 13. Nd2 {[%emt 0:07:04]} Kg6 {[%emt 0:13:17]} 14. Be3 {[%emt 0:12:34]} Kg7 {[%emt 0:07:29]} 15. Bg5 {[%emt 0:04:40]} Kg6 {[%emt 0:04:13]} 16. Be3 {[%emt 0:01:21]} Kg7 {[%emt 0:03:18]} 17. Bg5 1/2-1/2

[Event "SVK-ch GM 2018"]
[Site "Banska Stiavnica"]
[Date "2018.07.15"]
[Round "9"]
[White "Petenyi, Tamas"]
[Black "Gazik, Viktor"]
[Result "1/2-1/2"]
[WhiteElo "2450"]
[BlackElo "2490"]
[Annotator "TA"]
[PlyCount "112"]
[EventDate "2018.07.07"]
[EventType "tourn"]
[EventCountry "SVK"]
[SourceTitle "playchess.com"]
[Source "ChessBase"]
[SourceQuality "1"]

{[%evp 15,112,-8,0,-43,-12,-29,0,-16,16,22,23,14,25,-14,-14,-59,-64,-56,-51,-114,-111,-112,-106,-99,94,101,99,115,133,86,139,56,55,58,90,70,65,61,68,47,47,54,68,66,153,44,41,38,84,80,94,41,41,49,52,79,55,33,30,18,19,21,20,0,34,17,21,10,47,67,98,0,0,0,0,0,0,-33,-33,-31,-31,-31,-8,-13,0,-37,-29,-41,-35,-43,-34,-28,-30,-25,-20,-20,-7,-9,0]} 1. e4 Nf6 2. Nc3 d5 3. e5 Nfd7 4. f4 c5 5. Nf3 Nc6 6. Bb5 e6 7. Bxc6 bxc6 8. O-O c4 {LiveBook: 3 Games. B23: Closed Sicilian: Lines without g3} 9. Kh1 (9. b3 Ba6 10. bxc4 Bc5+ 11. Kh1 O-O 12. d3 Bb4 13. Bd2 dxc4 14. d4 Rb8 15. Qe1 Nb6 16. Qg3 Bxc3 17. Bxc3 {½-½ (28) Pirs,M (2560)-Soltau,A (2574) ICCF email 2010}) 9... Be7 10. Qe1 g6 {Black has an edge.} 11. b3 Rb8 $146 ({Predecessor:} 11... cxb3 12. axb3 c5 13. d4 {1-0 (37) Ruge,E (2231)-Torres Plaza,J (2052) Ibague 2013}) 12. bxc4 dxc4 13. a4 O-O 14. Ne4 c5 15. Nd6 Bxd6 16. exd6 Qb6 $1 17. Qh4 (17. Ba3 $15) 17... Qxd6 $17 18. Ng5 {[%csl Gg5][%cal Rh4h7]} Nf6 19. Ra3 {Threatens to win with Nxh7.} Rb1 $2 {[#]} (19... h5 $17 {keeps the pressure on. aiming for ...Bb7.} 20. Nf3 Nd7) 20. Nxh7 $1 $16 Nxh7 21. Rh3 {[%csl Gh3][%cal Rh4h7]} Re8 22. Qxh7+ Kf8 {[#]} 23. Qh4 (23. d3 $1 $16) 23... Qd4 $14 24. c3 Qg7 25. Qf2 Kg8 26. Qxc5 Qf6 27. Kg1 e5 28. Re3 {[%cal Re3e5]} e4 29. Rfe1 Qxf4 (29... Qa6 $14) 30. Qxc4 (30. Qc6 $16 Rd8 31. Rxe4) 30... Bf5 31. Qd4 Qg5 32. c4 Reb8 33. c5 (33. Qxa7 $16 Qf6 34. h3) 33... Qd8 34. Qe5 Qd7 35. a5 Qb5 36. Qd6 Qxa5 37. h3 Rd8 38. Qf6 Rdb8 39. Qd6 Rc8 40. Rc3 Qb4 41. Qe5 Qa4 {[#]} 42. c6 $1 {[%mdl 512]} Rb5 (42... Rxc6 43. Qe8+) 43. Rc5 (43. Qf6 $16 {d3! is the strong threat.} Rd5 44. Bb2 Qd4+ 45. Qxd4 Rxd4 46. Rc5 Rxd2 47. Bc3) 43... Rxc5 $11 44. Qxc5 Rxc6 45. Qe5 Re6 46. Qb8+ Re8 47. Qd6 Qd7 48. Qb4 Qe7 49. Qd4 Qd7 50. Qb4 Rd8 51. Bb2 {Black must now prevent Qc3.} Qxd2 52. Bc3 Qd6 53. Qxd6 Rxd6 54. g4 Rd3 55. Bf6 Be6 ({Avoid the trap} 55... Rxh3 $2 56. Rb1 $18) 56. Rxe4 g5 {Precision: White = 45%, Black = 45%.} 1/2-1/2

[Event "SVK-ch GM 2018"]
[Site "Banska Stiavnica"]
[Date "2018.07.15"]
[Round "9"]
[White "Pechac, Jergus"]
[Black "Repka, Christopher"]
[Result "1-0"]
[WhiteElo "2435"]
[BlackElo "2519"]
[Annotator "TA"]
[PlyCount "75"]
[EventDate "2018.07.07"]
[EventType "tourn"]
[EventCountry "SVK"]
[SourceTitle "playchess.com"]
[Source "ChessBase"]
[SourceQuality "1"]

{[%evp 11,75,7,50,35,43,50,49,45,61,47,48,45,42,43,42,41,51,32,125,123,128,115,221,214,239,234,329,324,319,320,311,279,277,262,273,258,309,315,297,277,374,372,376,288,352,254,254,252,237,190,218,175,204,212,348,347,379,354,469,511,459,465,665,670,29997,29998]} 1. d4 Nf6 2. Nf3 e6 3. e3 c5 4. b3 Nc6 5. Bb2 d5 6. Bd3 Bd7 7. a3 {D05: Colle System with ...e6} Qb6 8. dxc5 Bxc5 9. O-O {White is slightly better.} Qc7 10. c4 dxc4 11. Bxc4 {[%cal Bd3c4,Bc4e6,Be6f5][%mdl 32]} Bd6 $146 ({Predecessor:} 11... Be7 12. Bd3 O-O 13. Nbd2 Rac8 14. b4 a6 {½-½ (45) Mary,P (2267)-Sacerdotali,S (2325) IECG email 2001}) 12. Nbd2 Rd8 13. Rc1 Ne5 14. Qe2 O-O {[#]} (14... Qb8 $14) 15. Bxe6 $1 $16 {[%mdl 512]} Bc6 (15... Bxe6 16. Rxc7) 16. Bf5 Qa5 (16... Bxf3 $16 17. Nxf3 (17. gxf3 Qe7 $14) 17... Qe7) 17. Nd4 $18 Bd7 18. b4 Qd5 (18... Qa6 {was necessary.}) 19. e4 Qa2 20. Rc2 Bxf5 21. Ra1 ({Less strong is} 21. exf5 Rfe8 $14) 21... Qxa1+ 22. Bxa1 Bd7 23. f3 Ba4 24. Rc1 Bb8 25. Nf5 a6 26. Qe3 {aiming for Qg5.} h6 27. Bd4 Rd7 28. Bxe5 Bxe5 29. Nc4 Bb8 30. Kh1 {[%cal Bg1h1,Bh1g2,Bg2h3][%mdl 32]} Rfd8 {White must now prevent ...Bf4!} 31. g3 Bb5 32. Kg2 Rd3 (32... Kh8 {might work better.} 33. e5 Ne8) 33. Qb6 R8d7 34. Nce3 Rd2+ 35. Kh3 Kh7 36. Rc8 Rf2 (36... Bd6 $142 37. a4 Be2) 37. Qc5 ({Not} 37. Rxb8 Rdd2 $14) 37... g5 {[#]} 38. Rh8+ $1 {[%mdl 512] Precision: White = 74%, Black = 37%.} 1-0

[Event "SVK-ch GM 2018"]
[Site "Banska Stiavnica"]
[Date "2018.07.15"]
[Round "9"]
[White "Zvarik, Martin"]
[Black "Mazur, Stefan"]
[Result "0-1"]
[WhiteElo "2280"]
[BlackElo "2425"]
[Annotator "NA"]
[PlyCount "52"]
[EventDate "2018.07.07"]
[EventType "tourn"]
[EventCountry "SVK"]
[SourceTitle "playchess.com"]
[Source "ChessBase"]
[SourceQuality "1"]
[TimeControl "40/5400+30:1800+30"]

1. e4 {[%emt 0:09:30]} e5 {[%emt 0:00:00]} 2. Nf3 {[%emt 0:00:19]} Nc6 {[%emt 0:00:00]} 3. Bb5 {[%emt 0:00:42]} a6 {[%emt 0:00:00]} 4. Ba4 {[%emt 0:00:04]} Nf6 {[%emt 0:00:00]} 5. d3 {[%emt 0:00:03]} d6 {[%emt 0:00:21]} 6. h3 {[%emt 0:01:57]} g6 {[%emt 0:00:18]} 7. Be3 {[%emt 0:00:59]} Bg7 {[%emt 0:00:09]} 8. c4 {[%emt 0:03:07]} O-O {[%emt 0:00:49]} 9. Qd2 {[%emt 0:12:36]} Nd7 {[%emt 0:00:53]} 10. b4 {[%emt 0:01:27]} Nd4 {[%emt 0:01:28]} 11. Nc3 {[%emt 0:10:17]} a5 {[%emt 0:05:01]} 12. Bxd7 {[%emt 0:09:48]} Nxf3+ {[%emt 0:08:26]} 13. gxf3 {[%emt 0:00:07]} axb4 {[%emt 0:00:22]} 14. Bxc8 {[%emt 0:04:11]} bxc3 {[%emt 0:00:12]} 15. Qxc3 {[%emt 0:00:03]} Qxc8 {[%emt 0:01:11]} 16. Bc1 {[%emt 0:03:13]} Qe6 {[%emt 0:01:44]} 17. a3 {[%emt 0:08:57]} f5 {[%emt 0:01:40]} 18. Be3 {[%emt 0:02:54]} c6 {[%emt 0:04:40]} 19. Qb4 {[%emt 0:01:03]} Rf7 {[%emt 0:01:08]} 20. h4 {[%emt 0:05:29]} fxe4 {[%emt 0:02:03]} 21. fxe4 {[%emt 0:02:00]} Qg4 {[%emt 0:07:54]} 22. h5 {[%emt 0:02:04]} d5 {[%emt 0:00:37]} 23. hxg6 {[%emt 0:04:04]} hxg6 {[%emt 0:00:12]} 24. cxd5 {[%emt 0:00:43]} cxd5 {[%emt 0:00:14]} 25. Ra2 {[%emt 0:03:08]} d4 {[%emt 0:00:53]} 26. Bc1 {[%emt 0:00:55]} Qf3 {[%emt 0:04:44]} 0-1